[Event "Titled Tuesday intern op 17th May Early"]
[Site "Chess.com INT"]
[Date "2022.05.17"]
[Round "9"]
[White "Shtyka, Sergey"]
[Black "Tasev, Dejan"]
[Result "0-1"]
[WhiteElo "2154"]
[BlackElo "2188"]
[PlyCount "102"]
[EventDate "2022.05.17"]
[EventType "swiss (blitz)"]
[EventRounds "11"]
[EventCountry "USA"]
[SourceTitle "CBM 208 Extra"]
[Source "ChessBase"]
[SourceDate "2022.07.31"]
[SourceVersion "1"]
[SourceVersionDate "2022.07.31"]
[SourceQuality "1"]

1. e4 e5 2. Nf3 Nc6 3. Nc3 Nf6 4. Bb5 Bd6 5. 0-0 a6 6. Bc4 b5 7. Be2 0-0 8. d3 Bb7 9. a3 Be7 10. Bg5 d6 11. h3 h6 12. Bh4 Nd7 13. Bxe7 Qxe7 14. Nd5 Qd8 15. d4 exd4 16. Nxd4 Nf6 17. Nxc6 Bxc6 18. Bf3 Nxd5 19. exd5 Bd7 20. Bg4 f5 21. Bf3 Qf6 22. c3 a5 23. Re1 g6 24. Qd4 Qxd4 25. cxd4 Rfe8 26. Rxe8+ Bxe8 27. Rc1 Ra7 28. h4 Kf7 29. g3 Bd7 30. Kf1 b4 31. axb4 axb4 32. Ke2 Ke7 33. Ke3 Kf6 34. Be2 g5 35. hxg5+ hxg5 36. f4 g4 37. Kd2 Ke7 38. Bd3 Kd8 39. Rh1 Ra2 40. Kc2 Ba4+ 41. Kb1 Bb3 42. Rh8+ Ke7 43. Rh7+ Kd8 44. Bxf5 Bxd5 45. Rd7+ Ke8 46. Rxc7 b3 47. Bd3 Kd8 48. Rg7 Ra4 49. Rxg4 Rxd4 50. Be2 Rd2 51. Bb5 Rd1# 0-1

[Event "Titled Tuesday intern op 10th May Early"]
[Site "Chess.com INT"]
[Date "2022.05.10"]
[Round "4"]
[White "Karolczuk, Iwo"]
[Black "Shtyka, Sergey"]
[Result "1-0"]
[WhiteElo "2319"]
[BlackElo "2154"]
[PlyCount "133"]
[EventDate "2022.05.10"]
[EventType "swiss (blitz)"]
[EventRounds "11"]
[EventCountry "USA"]
[SourceTitle "CBM 208 Extra"]
[Source "ChessBase"]
[SourceDate "2022.07.31"]
[SourceVersion "1"]
[SourceVersionDate "2022.07.31"]
[SourceQuality "1"]

1. e4 c5 2. Nf3 d6 3. d4 cxd4 4. Nxd4 Nf6 5. Nc3 g6 6. g3 Bg7 7. Bg2 0-0 8. 0-0 Nc6 9. Nde2 Rb8 10. a4 a6 11. h3 b5 12. axb5 axb5 13. Nd5 Nd7 14. Ra2 e6 15. Ndc3 Qc7 16. Be3 Nc5 17. Qc1 Nb4 18. Ra1 Bd7 19. Rd1 Bc6 20. Nd4 Bd7 21. Qd2 Nba6 22. Nce2 b4 23. Ra2 Rfd8 24. h4 e5 25. Nb3 Nxb3 26. cxb3 Bb5 27. Nc1 Rbc8 28. Nd3 Bxd3 29. Qxd3 Nc5 30. Qc4 Qb7 31. Ra5 Ne6 32. Qd3 Nd4 33. Bxd4 exd4 34. Rb5 Qc7 35. Rxb4 Qc2 36. Rb7 Qxb2 37. Bh3 Rc3 38. Qb5 Rf3 39. Rf1 d3 40. Bg4 Rf6 41. Qxd3 h5 42. Bh3 Qe5 43. b4 Re8 44. Bg2 Rfe6 45. b5 R6e7 46. Rxe7 Rxe7 47. b6 Rb7 48. Rb1 Qc5 49. Qa6 Rb8 50. b7 Qc7 51. Qb6 Qd7 52. Bf1 Be5 53. Ba6 Qh3 54. Qa7 Bxg3 55. fxg3 Qxg3+ 56. Kf1 Qf3+ 57. Qf2 Qh3+ 58. Qg2 Qe3 59. Qf2 Qh3+ 60. Kg1 Qc3 61. Rf1 Qe5 62. Qxf7+ Kh8 63. Qf6+ Qxf6 64. Rxf6 Kg8 65. Rxd6 Kg7 66. Rc6 g5 67. Rc8 1-0

[Event "Titled Tuesday intern op 03rd May Early"]
[Site "Chess.com INT"]
[Date "2022.05.03"]
[Round "6"]
[White "Kozin, Yuri"]
[Black "Shtyka, Sergey"]
[Result "1-0"]
[WhiteElo "2251"]
[BlackElo "2154"]
[PlyCount "63"]
[EventDate "2022.05.03"]
[EventType "swiss (blitz)"]
[EventRounds "11"]
[EventCountry "USA"]
[SourceTitle "CBM 208 Extra"]
[Source "ChessBase"]
[SourceDate "2022.07.31"]
[SourceVersion "1"]
[SourceVersionDate "2022.07.31"]
[SourceQuality "1"]

1. e4 c5 2. Nf3 d6 3. d4 cxd4 4. Nxd4 Nf6 5. Nc3 g6 6. Bc4 Bg7 7. Bb3 0-0 8. h3 Nc6 9. Be3 Bd7 10. 0-0 Rc8 11. Re1 a6 12. Nf3 Na5 13. Bg5 Nc4 14. Bxc4 Rxc4 15. Qd3 Rc5 16. Rad1 Bc6 17. e5 Bxf3 18. Qxf3 Nh5 19. exd6 Rxg5 20. dxe7 Qc8 21. exf8Q+ Bxf8 22. Nd5 Qxc2 23. Ne7+ Bxe7 24. Rxe7 Rf5 25. Rd8+ Kg7 26. Qc3+ Qxc3 27. bxc3 Nf4 28. c4 Ne6 29. Rdd7 b5 30. Rxe6 bxc4 31. Rc6 Rd5 32. Rxd5 1-0

[Event "Titled Tuesday intern op 03rd May Early"]
[Site "Chess.com INT"]
[Date "2022.05.03"]
[Round "1"]
[White "Matinian, Nikita"]
[Black "Shtyka, Sergey"]
[Result "1-0"]
[WhiteElo "2435"]
[BlackElo "2154"]
[PlyCount "81"]
[EventDate "2022.05.03"]
[EventType "swiss (blitz)"]
[EventRounds "11"]
[EventCountry "USA"]
[SourceTitle "CBM 208 Extra"]
[Source "ChessBase"]
[SourceDate "2022.07.31"]
[SourceVersion "1"]
[SourceVersionDate "2022.07.31"]
[SourceQuality "1"]

1. e4 c5 2. Nf3 d6 3. d4 cxd4 4. Nxd4 Nf6 5. Nc3 g6 6. Be3 Bg7 7. Be2 0-0 8. Qd2 Nc6 9. 0-0-0 d5 10. Nxc6 bxc6 11. exd5 cxd5 12. Nxd5 Nxd5 13. Qxd5 Qc7 14. Qc5 Qb7 15. Qa3 Bf5 16. Bf3 Be4 17. Bxe4 Qxe4 18. f3 Qb7 19. Bd4 Bxd4 20. Rxd4 Rfd8 21. Rhd1 Rxd4 22. Rxd4 Qb6 23. Qb4 Qe6 24. b3 Qe2 25. Qd2 Qf1+ 26. Kb2 Rc8 27. Rd8+ Rxd8 28. Qxd8+ Kg7 29. Qd4+ Kg8 30. Qxa7 Qxg2 31. a4 Qxh2 32. a5 Qe5+ 33. c3 h5 34. a6 h4 35. f4 Qe2+ 36. Ka3 h3 37. Qb7 Qg2 38. Qb8+ Kh7 39. a7 h2 40. a8Q h1Q 41. Qh8# 1-0

[Event "Titled Tuesday intern op 26th Apr Early"]
[Site "Chess.com INT"]
[Date "2022.04.26"]
[Round "1"]
[White "Banusz, Tamas"]
[Black "Shtyka, Sergey"]
[Result "1-0"]
[WhiteElo "2608"]
[BlackElo "2154"]
[PlyCount "47"]
[EventDate "2022.04.26"]
[EventType "swiss (blitz)"]
[EventRounds "11"]
[EventCountry "USA"]
[SourceTitle "CBM 208 Extra"]
[Source "ChessBase"]
[SourceDate "2022.07.31"]
[SourceVersion "1"]
[SourceVersionDate "2022.07.31"]
[SourceQuality "1"]

1. Nf3 c5 2. c4 Nc6 3. Nc3 g6 4. g3 Bg7 5. Bg2 Nf6 6. 0-0 0-0 7. d4 cxd4 8. Nxd4 Nxd4 9. Qxd4 d6 10. Qd3 Ng4 11. b3 Ne5 12. Qd2 Nc6 13. Bb2 Be6 14. Nd5 Bxd5 15. cxd5 Ne5 16. Rac1 Rc8 17. Bh3 Rxc1 18. Rxc1 Qb6 19. Kf1 Qb5 20. Kg2 a5 21. f4 Nd7 22. Bxg7 Kxg7 23. a4 Qxb3 24. Bxd7 1-0

[Event "Titled Tuesday intern op 26th Apr Early"]
[Site "Chess.com INT"]
[Date "2022.04.26"]
[Round "8"]
[White "Srebrnic, Marko"]
[Black "Shtyka, Sergey"]
[Result "1/2-1/2"]
[WhiteElo "2372"]
[BlackElo "2154"]
[PlyCount "130"]
[EventDate "2022.04.26"]
[EventType "swiss (blitz)"]
[EventRounds "11"]
[EventCountry "USA"]
[SourceTitle "CBM 208 Extra"]
[Source "ChessBase"]
[SourceDate "2022.07.31"]
[SourceVersion "1"]
[SourceVersionDate "2022.07.31"]
[SourceQuality "1"]

1. e4 c5 2. Nf3 d6 3. d4 cxd4 4. Nxd4 Nf6 5. Nc3 g6 6. Be2 Bg7 7. h4 Nc6 8. h5 Nxe4 9. Nxc6 Nxc3 10. Nxd8 Nxd1 11. Nxf7 Nxf2 12. Kxf2 0-0 13. hxg6 hxg6 14. Bc4 e6 15. c3 Rxf7+ 16. Ke2 d5 17. Bd3 e5 18. Bxg6 Rf6 19. Bh7+ Kf7 20. Bg5 Bg4+ 21. Ke3 Rb6 22. Rhf1+ Ke6 23. Rf2 d4+ 24. cxd4 exd4+ 25. Kd3 Rf8 26. Re1+ Kd5 27. Rxf8 Bxf8 28. Re8 Bc5 29. Rd8+ Kc6 30. Be4+ Kb5 31. Rd5 Rc6 32. Bd8 Rc8 33. a3 a5 34. Kc2 b6 35. Bf6 Ka6 36. Kd3 Be6 37. Rd8 Rxd8 38. Bxd8 Kb5 39. Bb7 Bc4+ 40. Kd2 Bd6 41. Bg5 Be5 42. Be4 Kc5 43. Bd3 Bxd3 44. Kxd3 Kd5 45. g4 b5 46. b3 a4 47. bxa4 bxa4 48. Be7 Bf4 49. g5 Be3 50. g6 Ke6 51. g7 Kf7 52. Bf6 Bh6 53. Kxd4 Bxg7 54. Bxg7 Kxg7 55. Kc5 Kf6 56. Kb5 Ke6 57. Kxa4 Kd7 58. Kb5 Kc8 59. Ka6 Kb8 60. Kb6 Ka8 61. a4 Kb8 62. a5 Ka8 63. a6 Kb8 64. a7+ Ka8 65. Kc6 Kxa7 1/2-1/2

[Event "Titled Tuesday intern op 12th Apr Early"]
[Site "Chess.com INT"]
[Date "2022.04.12"]
[Round "4"]
[White "Harshavardhan, GB."]
[Black "Shtyka, Sergey"]
[Result "1-0"]
[WhiteElo "2367"]
[BlackElo "2154"]
[PlyCount "157"]
[EventDate "2022.04.12"]
[EventType "swiss (blitz)"]
[EventRounds "11"]
[EventCountry "USA"]
[SourceTitle "CBM 207 Extra"]
[Source "ChessBase"]
[SourceDate "2022.05.31"]
[SourceVersion "1"]
[SourceVersionDate "2022.05.31"]
[SourceQuality "1"]

1. d4 c5 2. d5 e5 3. e4 d6 4. f4 exf4 5. Bxf4 Be7 6. Nc3 a6 7. a4 Bf6 8. Nf3 Ne7 9. Bd3 Ng6 10. Bg3 Qe7 11. 0-0 Nd7 12. a5 Nde5 13. Na4 0-0 14. Nb6 Rb8 15. c3 Re8 16. Bc2 Bg4 17. Qd2 h6 18. Rf2 Nd7 19. Nc4 Nde5 20. Nb6 Nd7 21. h3 Nxb6 22. hxg4 Nc4 23. Qc1 Nce5 24. Nxe5 Bxe5 25. Qe3 Bxg3 26. Qxg3 Qe5 27. Qf3 Re7 28. Raf1 Rbe8 29. g3 Qg5 30. Kg2 Ne5 31. Qf5 Qxg4 32. Qxg4 Nxg4 33. Re2 Ne5 34. Ba4 Rd8 35. b3 g6 36. Rb1 Kg7 37. b4 cxb4 38. Rxb4 Rc8 39. Rc2 Nd3 40. Rb1 Rxe4 41. Ra2 Nc5 42. Bd1 Rce8 43. Kf2 R4e5 44. Bf3 R8e7 45. Rc2 h5 46. Rd1 Re3 47. Be2 R3e5 48. Bf3 Rc7 49. Rd4 f5 50. Rb2 Kf6 51. Rb1 Rce7 52. Rb2 Rc7 53. Rb1 Rh7 54. Rb2 g5 55. Rb6 g4 56. Bg2 Ke7 57. Rdb4 h4 58. Rxb7+ Nxb7 59. Rxb7+ Kf6 60. Rxh7 hxg3+ 61. Kxg3 Re3+ 62. Kf4 Rxc3 63. Rh6+ Ke7 64. Kxf5 g3 65. Re6+ Kd7 66. Rg6 Re3 67. Rg7+ Kd8 68. Be4 Re1 69. Rxg3 Rf1+ 70. Ke6 Rf8 71. Kxd6 Kc8 72. Kc6 Kb8 73. d6 Ka7 74. Rg7+ Kb8 75. Rb7+ Ka8 76. Kb6 Rb8 77. Rxb8+ Kxb8 78. Kxa6 Kc8 79. Kb6 1-0

[Event "Titled Tuesday intern op 12th Apr Early"]
[Site "Chess.com INT"]
[Date "2022.04.12"]
[Round "10"]
[White "Kavyev, Ruslan"]
[Black "Shtyka, Sergey"]
[Result "1-0"]
[WhiteElo "2295"]
[BlackElo "2154"]
[PlyCount "29"]
[EventDate "2022.04.12"]
[EventType "swiss (blitz)"]
[EventRounds "11"]
[EventCountry "USA"]
[SourceTitle "CBM 207 Extra"]
[Source "ChessBase"]
[SourceDate "2022.05.31"]
[SourceVersion "1"]
[SourceVersionDate "2022.05.31"]
[SourceQuality "1"]

1. d4 c5 2. e4 cxd4 3. Nf3 Nc6 4. Nxd4 g6 5. Nc3 Bg7 6. Be3 Nf6 7. Bc4 0-0 8. Bb3 Na5 9. e5 Ne8 10. Bxf7+ Kxf7 11. Ne6 Kxe6 12. Qd5+ Kf5 13. g4+ Kxg4 14. Rg1+ Kh5 15. Qd1+ 1-0